000 00741nam a22002297a 4500
001 113774
003 DR-UNIBE
005 20250703102633.0
008 250625b1992 dr ||||| |||| 00| 0 spa d
040 _aBIBLIOTECA UNIBE
_bspa
_cBIBLIOTECA UNIBE
_erda
041 _aspa
082 _aF-RD 5987
245 1 0 _aGuía para el uso no sexista del lenguaje
260 _aSanto Domingo :
_bCentro de Investigación para la Acción Femenina (CIPAF) :
_bEdiciones Populares Feministas,
_c1992
300 _a36 páginas
650 _2lemb
_aFeminismo
650 _2lemb
_aMujeres
_xCondiciones sociales
_917138
650 7 _2lemb
_aEducación de la mujer
650 _2lemb
_aAcoso sexual
653 _aEducación no sexista
942 _2ddc
_cMX
999 _c113774
_d113774